000 01173naa a22003017a 4500
001 BR9500057
003 BR-BrBNA
005 20240918181320.0
007 ta
008 230509b bl.||||| |||| 00| 0 por d
040 _aBR-BrBNA
_bpor
_cBiblioteca Nacional de Agricultura
041 _a(En)
072 _aP34
_b0336
_b3920
090 _aP34 BR9500057
100 1 _aAkoo, S.
100 1 _aVargas, M.A.T.
245 1 _aA new technique for the inoculation of Bradyshizobium japonicum in the presence of high populations of indigenous rhizobia in soils - utilization of antibiotics and antibiotic resistant strains
260 3 _aBrasilia, DF (Brasil):
_c1994.
500 _aRelatorio tecnico do projeto Nipo-Brasileiro de cooperacao em pesquisa agricola 1987/1992 Brasilia, DF (Brasil): 1994. p. 488-494 (BR9500057-AM)P34
650 _aSoja
650 _aSolo
650 _aRhizobium
650 _aInoculacao
650 _aCerrado
773 0 _tRelatorio tecnico do projeto Nipo-Brasileiro de cooperacao em pesquisa agricola 1987/1992
_wP34 BR9500057
_gBrasilia, DF (Brasil), 1994. p. 488-494
909 _a202404
_bLucia
_c55
_dLucia Elande
942 _cAM
_2AGRIS
999 _c324718
_d324718